Mixed-Up Movie Quotes Quiz Stats

Quiz Updated Jan 11, 2016

Also try: Movie Quotes
Challenge
Share
Tweet
Embed
Score 0/32 Timer 08:00
0 Plays Today
Hint Answer % Correct
'Use the Force, Katniss, it’s the only way to protect the AllSpark.' – Charles Xavier Star Wars
97.2%
'One, two, Lecter’s coming for you, three, four, call Dumbledore.' – Jason VoorheesHarry Potter
96%
'Use the Force, Katniss, it’s the only way to protect the AllSpark.' – Charles Xavier The Hunger Games
94.8%
'I will find you and I will kill you with Kryptonite, like you killed my father. Prepare to die.' – Atticus FinchSuperman
93.4%
'Follow the yellow brick road, avoid the Jabberwock, and get to Springfield.' – Willy WonkaThe Wizard of Oz
93.2%
'Follow the yellow brick road, avoid the Jabberwock, and get to Springfield.' – Willy WonkaCharlie and the Chocolate Factory
93%
'One, two, Lecter’s coming for you, three, four, call Dumbledore.' – Jason VoorheesThe Silence of the Lambs
90.4%
'Use the Force, Katniss, it’s the only way to protect the AllSpark.' – Charles Xavier X-Men
88%
'One does not simply walk into Neverland. Its Black Gates are guarded by the Volturi.' – AslanPeter Pan
88%
'Once Ecto-1 hits 88 mph, you can go back to kill Sarah Connor.' – Rick DeckardThe Terminator
86.6%
'One does not simply walk into Neverland. Its Black Gates are guarded by the Volturi.' – AslanThe Lord of the Rings
84.4%
'Go into the Cave of Wonders, retrieve the Neuralyzer, and we can defeat Smaug.' – MorpheusThe Hobbit
83.5%
'Once Ecto-1 hits 88 mph, you can go back to kill Sarah Connor.' – Rick DeckardBack to the Future
83.3%
'Go into the Cave of Wonders, retrieve the Neuralyzer, and we can defeat Smaug.' – MorpheusThe Matrix
80.4%
'I will find you and I will kill you with Kryptonite, like you killed my father. Prepare to die.' – Atticus FinchTo Kill a Mockingbird
78.9%
'One does not simply walk into Neverland. Its Black Gates are guarded by the Volturi.' – AslanThe Chronicles of Narnia
77.8%
Hint Answer % Correct
'We must get back to Asgard, or Bane will destroy Pandora.' – Tyler DurdenThe Dark Knight Rises
76.8%
'We must get back to Asgard, or Bane will destroy Pandora.' – Tyler DurdenFight Club
76.5%
'One, two, Lecter’s coming for you, three, four, call Dumbledore.' – Jason VoorheesFriday the 13th
73.4%
'Follow the yellow brick road, avoid the Jabberwock, and get to Springfield.' – Willy WonkaThe Simpsons Movie
72.4%
'I will find you and I will kill you with Kryptonite, like you killed my father. Prepare to die.' – Atticus FinchThe Princess Bride
71.8%
'We must get back to Asgard, or Bane will destroy Pandora.' – Tyler DurdenThor
70.9%
'We must get back to Asgard, or Bane will destroy Pandora.' – Tyler DurdenAvatar
70.8%
'I will find you and I will kill you with Kryptonite, like you killed my father. Prepare to die.' – Atticus FinchTaken
70.3%
'Follow the yellow brick road, avoid the Jabberwock, and get to Springfield.' – Willy WonkaAlice in Wonderland
61.7%
'Once Ecto-1 hits 88 mph, you can go back to kill Sarah Connor.' – Rick DeckardGhostbusters
54.6%
'Go into the Cave of Wonders, retrieve the Neuralyzer, and we can defeat Smaug.' – MorpheusMen in Black
53%
'Use the Force, Katniss, it’s the only way to protect the AllSpark.' – Charles Xavier Transformers
51.9%
'One, two, Lecter’s coming for you, three, four, call Dumbledore.' – Jason VoorheesA Nightmare on Elm Street
45.1%
'One does not simply walk into Neverland. Its Black Gates are guarded by the Volturi.' – AslanTwilight Saga
40%
'Go into the Cave of Wonders, retrieve the Neuralyzer, and we can defeat Smaug.' – MorpheusAladdin
36.1%
'Once Ecto-1 hits 88 mph, you can go back to kill Sarah Connor.' – Rick DeckardBlade Runner
35.6%

You're not logged in!

Compare scores with friends on all Sporcle quizzes.
Sign Up with Email
OR
Log In

You Might Also Like...

Show Comments

Extras

Top Quizzes Today


Score Distribution

Your Account Isn't Verified!

In order to create a playlist on Sporcle, you need to verify the email address you used during registration. Go to your Sporcle Settings to finish the process.